Bhas Kalidas Aur Bhavbhuti Ke Rupkon Ke Pramukh Nari Patra (Record no. 1311658)

MARC details
000 -LEADER
fixed length control field 00569nam a2200205Ia 4500
005 - DATE AND TIME OF LATEST TRANSACTION
control field 20250505145729.0
008 - FIXED-LENGTH DATA ELEMENTS--GENERAL INFORMATION
fixed length control field 008 250505s9999 xx 000 0 eng d
037 ## - SOURCE OF ACQUISITION
Stock number Textbook
040 ## - CATALOGING SOURCE
Original cataloging agency FML
Language of cataloging hin
Transcribing agency FML
041 ## - LANGUAGE CODE
Language code of text/sound track or separate title hin
Source of code hin
084 ## - COLON CLASSIFICATION NUMBER
Classification number O15,1D40:g R1
Assigning agency FML
100 ## - MAIN ENTRY--PERSONAL NAME
Personal name Chauhan, Usha
9 (RLIN) 754295
245 #0 - TITLE STATEMENT
Title Bhas Kalidas Aur Bhavbhuti Ke Rupkon Ke Pramukh Nari Patra
260 ## - PUBLICATION, DISTRIBUTION, ETC.
Place of publication, distribution, etc. Delhi
Name of publisher, distributor, etc. E.B.L.
Date of publication, distribution, etc. 2021
300 ## - PHYSICAL DESCRIPTION
Extent 351p
365 ## - TRADE PRICE
Price type code INR
Price amount 1450
650 ## - SUBJECT ADDED ENTRY--TOPICAL TERM
Topical term or geographic name entry element Music
942 ## - ADDED ENTRY ELEMENTS (KOHA)
Koha item type Textbook
Classification part O15,1D40:g R1
Holdings
Withdrawn status Lost status Damaged status Not for loan Home library Current library Date acquired Source of acquisition Cost, normal purchase price Total Checkouts Full call number Barcode Date last seen Price effective from Koha item type
        Department of Music Library Department of Music Library 2025-05-05 Meharchand Lachmandas 1450.00   O15,1D40:g R1 MU0017088 2025-05-05 2025-05-05 Textbook
Copyright @ Delhi University Library System